| 000 | 00776nam2a22002171 4500 | ||
|---|---|---|---|
| 001 | RU\NLR\A1SV\117835 | ||
| 005 | 20251214191832.0 | ||
| 035 | _a(NLR Aleph) 010438538 | ||
| 090 |
_a13488692 _c13488692 |
||
| 100 | _a20130408d1920 u y0rusy50 ca | ||
| 101 | 0 | _arus | |
| 200 | 0 | _aТ.1 | |
| 215 | _a384 с. | ||
| 461 | 1 |
_1001RU\NLR\A1SV\117834 _12000#$aАналитическая психология$fДж.Ф. Стаут$gПер. с англ.$vТ.1 _1700#1$aСтаут$bДж.Ф. _99881696 _aСтаут, Дж.Ф. _cМ. _d1920 _fДж.Ф. Стаут _nГос. изд-во _tАналитическая психология _vТ.1 |
|
| 801 | 0 |
_aRU _bNLR _c20130408 |
|
| 852 |
_aNLR _j17.138.5.24 |
||
| 852 |
_aNLR _jМф К1/17770 |
||
| 942 | _cBOOK | ||
| 980 | _aA1SV | ||
| 980 | _aNB | ||